Information Technology Inside And Outside. (Record no. 57)

MARC details
000 -LEADER
fixed length control field 00579cam a2200217ua 4500
008 - FIXED-LENGTH DATA ELEMENTS--GENERAL INFORMATION
fixed length control field 110315n ii |||gr||||Z||||||eng
020 ## - INTERNATIONAL STANDARD BOOK NUMBER
International Standard Book Number 81-7808-551-8
040 ## - CATALOGING SOURCE
Transcribing agency MAIN
082 ## - DEWEY DECIMAL CLASSIFICATION NUMBER
Classification number 004
245 ## - TITLE STATEMENT
Title Information Technology Inside And Outside.
Statement of responsibility, etc. By David Cyganski.
250 ## - EDITION STATEMENT
Edition statement 1st.
260 ## - PUBLICATION, DISTRIBUTION, ETC.
Place of publication, distribution, etc. Delhi.:
Name of publisher, distributor, etc. Pearson Education India.,
Date of publication, distribution, etc. 2002.
300 ## - PHYSICAL DESCRIPTION
Extent xxiv, 338 p.:
Other physical details ill.;
Dimensions 22 cm.
700 1# - ADDED ENTRY--PERSONAL NAME
Personal name Cyganski, David.,
700 0# - ADDED ENTRY--PERSONAL NAME
Personal name Orr, John A.,
700 0# - ADDED ENTRY--PERSONAL NAME
Personal name Vaz, Richard F.,
942 ## - ADDED ENTRY ELEMENTS (KOHA)
Koha item type Books
653 ## - INDEX TERM--UNCONTROLLED
Uncontrolled term Computer Science.
653 ## - INDEX TERM--UNCONTROLLED
Uncontrolled term Information Technology.
Holdings
Withdrawn status Lost status Damaged status Not for loan Home library Current library Shelving location Date acquired Total Checkouts Full call number Barcode Date last seen Copy number Price effective from Koha item type
        Central Library, Naharkatiya College Central Library, Naharkatiya College General Stacks 19/09/2020   004 | CYG 18516 19/09/2020 1 19/09/2020 Books

Naharkatiya College © 2020. All rights reserved.

Powered By